000 00396nam a2200133Ia 4500
008 100328s9999 xx 000 0 und d
082 _b30351
100 _aगांधी मो. क.
245 _aजीवन-साधना (3)
260 _bगांाी वाङेमय
630 _aजीवन-साधना (3)
730 _aजीवन-साधना (3)
942 _cBOOK
999 _c521325
_d521322